| 000 | 01287nam a2200265Ia 4500 | ||
|---|---|---|---|
| 999 |
_c54521 _d54521 |
||
| 001 | 21585 | ||
| 003 | GE_BSU | ||
| 005 | 20211203151335.0 | ||
| 008 | 181216s1961||||ge |||||||||||||| ||geo|| | ||
| 040 | _cGE_BSU | ||
| 041 | _ageo | ||
| 080 | _a811.353.1'282 ნ-68 | ||
| 100 |
_aნიჟარაძე, შ. _99520 |
||
| 245 |
_aქართული ენის ზემოაჭარული დიალექტი : _bგამოკვლევა და ტექსტები ლექსიკონითურთ / _cშ. ნიჟარაძე ; რედ. შ. ძიძიგური. |
||
| 264 |
_aბათუმი : _bსახელგამი, _c1961. |
||
| 300 |
_a290 გვ. ; _c23 სმ. |
||
| 541 | _h1ლ. 60თ. | ||
| 653 | _aქართული ენა | ||
| 653 | _aქართული ენის დიალექტები | ||
| 653 | _aზემოჭარული დიალექტი | ||
| 653 | _aქართული ენის ზემოაჭარული დიალექტი | ||
| 653 | _aგამოკვლევა და ტექსტები ლექსიკონითურთ | ||
| 700 |
_aძიძიგური, შ. _eრედაქტორი _913171 |
||
| 942 |
_cBK _2udc |
||